Marginality and Exclusion in Egypt / (Record no. 17077)
[ view plain ]
| 000 -LEADER | |
|---|---|
| fixed length control field | 01791cam a22002775a 4500 |
| 001 - CONTROL NUMBER | |
| control field | 17462366 |
| 005 - DATE AND TIME OF LATEST TRANSACTION | |
| control field | 20121018122106.0 |
| 008 - FIXED-LENGTH DATA ELEMENTS--GENERAL INFORMATION | |
| fixed length control field | 120913s2012 enka b 001 0 eng d |
| 020 ## - INTERNATIONAL STANDARD BOOK NUMBER | |
| International Standard Book Number | 1780320841 (pbk.) |
| 020 ## - INTERNATIONAL STANDARD BOOK NUMBER | |
| International Standard Book Number | 9781780320847 (pbk.) |
| 082 04 - DEWEY DECIMAL CLASSIFICATION NUMBER | |
| Classification number | 305.560962 |
| Edition number | 23 |
| Item number | MAR |
| 245 00 - TITLE STATEMENT | |
| Title | Marginality and Exclusion in Egypt / |
| Statement of responsibility, etc | edited by Ray Bush and Habib Ayeb. |
| 260 ## - PUBLICATION, DISTRIBUTION, ETC. (IMPRINT) | |
| Place of publication, distribution, etc | London ; |
| -- | New York : |
| Name of publisher, distributor, etc | Zed Books, |
| Date of publication, distribution, etc | 2012. |
| 300 ## - PHYSICAL DESCRIPTION | |
| Extent | viii, 247 p. : |
| Other physical details | ill. ; |
| Dimensions | 22 cm. |
| 490 0# - Series Statement | |
| Series statement | Middle East studies |
| 500 ## - GENERAL NOTE | |
| General note | Also published as: Marginality and exclusion in Egypt. |
| 504 ## - BIBLIOGRAPHY, ETC. NOTE | |
| Bibliography, etc | Includes bibliographical references and index. |
| 505 0# - FORMATTED CONTENTS NOTE | |
| Formatted contents note | Pt. 1. Marginality, poverty and political economy -- 1.Introduction: Marginality and exclusion in Egypt and the Middle East -- 2.Marginality: curse or cure? -- 3.Accumulation by encroachment in the Arab Mashreq -- Pt. 2. Creating and reproducing marginality -- 4.Marginality or abjection? The political economy of poverty production in Egypt -- 5.The marginalization of the small peasantry: Egypt and Tunisia -- 6.Margins and frontiers -- 7.Transport thugs: spatial marginalization in a Cairo suburb -- 8.Against marginalization: workers, youth and class in the 25 January revolution -- 9.National geographical targeting of poverty in Upper Egypt -- 10.Working with street kids: unsettling accounts from the field -- 11.Marginalization and self-marginalization: commercial education -- 12.Disability in transition in Egypt: between marginalization and rights. |
| 650 #0 - SUBJECT ADDED ENTRY--TOPICAL TERM | |
| Topical term or geographic name as entry element | Marginality, Social |
| Geographic subdivision | Egypt. |
| 9 (RLIN) | 31184 |
| 651 #0 - SUBJECT ADDED ENTRY--GEOGRAPHIC NAME | |
| Geographic name | Egypt |
| General subdivision | Social conditions. |
| 9 (RLIN) | 31185 |
| 651 #0 - SUBJECT ADDED ENTRY--GEOGRAPHIC NAME | |
| Geographic name | Egypt |
| General subdivision | Politics and government. |
| 9 (RLIN) | 31186 |
| 653 ## - INDEX TERM--UNCONTROLLED | |
| Resource For college | |
| Arrived date list | October2012 |
| 700 1# - ADDED ENTRY--PERSONAL NAME | |
| Personal name | Bush, Ray. |
| 9 (RLIN) | 31187 |
| 700 1# - ADDED ENTRY--PERSONAL NAME | |
| Personal name | Ayeb, Habib. |
| 9 (RLIN) | 31188 |
| 942 ## - ADDED ENTRY ELEMENTS (KOHA) | |
| Source of classification or shelving scheme | Dewey Decimal Classification |
| Item type | Book - Borrowing |
| Withdrawn status | Item status | Source of classification or shelving scheme | Damaged status | Not for loan | Vendor | Home library | Current library | Shelving location | Date acquired | Source of acquisition | Cost, normal purchase price | Serial Enumeration / chronology | Total Checkouts | Total Renewals | Full call number | Barcode | Date last seen | Date last borrowed | Koha item type |
|---|---|---|---|---|---|---|---|---|---|---|---|---|---|---|---|---|---|---|---|
| Dewey Decimal Classification | Baccah | Central Library | Central Library | First floor | 18/10/2012 | 280.00 | 12 | 3 | 16 | 305.560962 MAR | 000027708 | 15/07/2025 | 30/01/2020 | Book - Borrowing | |||||
| Dewey Decimal Classification | Baccah | Central Library | Central Library | First floor | 18/10/2012 | 280.00 | 12 | 4 | 13 | 305.560962 MAR | 000027709 | 15/07/2025 | 21/11/2018 | Book - Borrowing |